01817cam a22003014i 45000010009000000050017000090080041000260100017000670200025000840400028001090420008001370430012001450500026001570820017001830840023002001000034002232450088002572600042003453000027003875040067004145200661004816500048011426500041011906500038012316500039012696500065013087750142013731651929020160713084349.0101026t20112011cau b 001 0 eng  a 2010045736 a9780470640081 (pbk.) aDLCbengcDLCerdadDLC apcc an-us---00aLB2822.82b.S344 201100a371.2/07222 aEDU0290002bisacsh1 aSchlechty, Phillip C.,d1937-10aEngaging Students :bThe Next Level of Working on the Work /cPhillip C. Schlechty. aSan Francisco :bJossey-Bass,cc2011. axi, 212 pages ;c24 cm aIncludes bibliographical references (pages 197-198) and index. a"Working on the Work (WOW) offers a motivational framework for improving student performance by improving the quality of school designed for students. In this second edition, author Phillip Schlechty incorporates what he's learned from the field and from the hundreds of workshops he and his organization, the Schlechty Center, have conducted since the book's first publication. WOW is a theory of motivation that tries to answer the question: "What can teachers build into the task and activities they design for students that will increase the prospect which students will find meaning in the tasks assigned?" The guide is filled with practical wisdom"-- 0aSchool improvement programszUnited States. 0aAcademic achievementzUnited States. 0aCurriculum changezUnited States. 0aSchool environmentzUnited States. 7aEDUCATION / Teaching Methods & Materials / General2bisacsh.0 iRevision of:aSchlechty, Phillip C., 1937-tWorking on the workb1st ed.dSan Francisco : Jossey-Bass, c2002hxxx, 128 p. : ill. ; 24 cm.